[Event "Robecchetto Spring 11th A"]
[Site "Robecchetto"]
[Date "2014.05.15"]
[Round "5"]
[White "Buonasorte, Roberto"]
[Black "Virgilio, Gianluca"]
[Result "0-1"]
[WhiteElo "1609"]
[BlackElo "1787"]
[PlyCount "70"]
[EventDate "2014.04.10"]
[EventType "swiss"]
[EventRounds "7"]
[EventCountry "ITA"]
[SourceTitle "EXT 2024"]
[Source "ChessBase"]
[SourceDate "2023.10.10"]
[SourceVersion "1"]
[SourceVersionDate "2023.10.10"]
[SourceQuality "1"]

1. d4 Nf6 2. c4 g6 3. Nc3 d5 4. cxd5 Nxd5 5. e4 Nxc3 6. bxc3 Bg7 7. Bb5+ c6 8. Ba4 0-0 9. Ba3 Qa5 10. Bb4 Qg5 11. Qf3 Bh6 12. c4 Nd7 13. h4 Qf4 14. h5 Qxf3 15. Nxf3 gxh5 16. Rxh5 Bg7 17. 0-0-0 Nf6 18. Rh4 Ng4 19. Rd2 Bh6 20. Rxh6 Nxh6 21. Bxe7 Re8 22. Bg5 Kg7 23. e5 Bf5 24. Nh4 Bd7 25. Bf6+ Kg8 26. d5 Ng4 27. e6 Nxf6 28. exd7 Nxd7 29. dxc6 Nc5 30. cxb7 Re1+ 31. Kc2 Rb8 32. Bc6 Re7 33. Nf5 Rc7 34. Nd6 Rxc6 35. Nf5 Rc7 0-1

[Event "Robecchetto Spring 11th A"]
[Site "Robecchetto"]
[Date "2014.04.10"]
[Round "1"]
[White "Buonasorte, Roberto"]
[Black "Trenti, Alessandro"]
[Result "1/2-1/2"]
[WhiteElo "1609"]
[BlackElo "1780"]
[PlyCount "75"]
[EventDate "2014.04.10"]
[EventType "swiss"]
[EventRounds "7"]
[EventCountry "ITA"]
[SourceTitle "EXT 2024"]
[Source "ChessBase"]
[SourceDate "2023.10.10"]
[SourceVersion "1"]
[SourceVersionDate "2023.10.10"]
[SourceQuality "1"]

1. e4 c5 2. Nf3 Nc6 3. d4 cxd4 4. Nxd4 a6 5. Nc3 d6 6. Bc4 Nf6 7. Bg5 e6 8. Nxc6 bxc6 9. e5 dxe5 10. Qxd8+ Kxd8 11. 0-0-0+ Bd7 12. Ne4 Be7 13. Nxf6 Bxf6 14. Bxf6+ gxf6 15. Rd6 Kc7 16. Rhd1 Rhd8 17. Be2 a5 18. c4 c5 19. Bf3 Ba4 20. Rxd8 Rxd8 21. Rxd8 Kxd8 22. Bh5 Ke7 23. Kd2 Bc6 24. g3 f5 25. Ke2 e4 26. Ke3 e5 27. Kd2 Kf6 28. Ke3 Be8 29. h4 Bc6 30. Bd1 Ke6 31. Bc2 f6 32. Bd1 Be8 33. Be2 Ba4 34. b3 Be8 35. Bd1 Kd6 36. Be2 Bf7 37. Bd1 Kc6 38. a4 1/2-1/2

[Event "Robecchetto Autunn op 10th"]
[Site "Robecchetto"]
[Date "2013.11.14"]
[Round "6"]
[White "Buonasorte, Roberto"]
[Black "Madaschi, Sergio"]
[Result "0-1"]
[WhiteElo "1488"]
[BlackElo "1522"]
[PlyCount "130"]
[EventDate "2013.10.03"]
[EventType "swiss"]
[EventRounds "7"]
[EventCountry "ITA"]
[SourceTitle "EXT 2015"]
[Source "ChessBase"]
[SourceDate "2014.11.20"]
[SourceVersion "1"]
[SourceVersionDate "2014.11.20"]
[SourceQuality "1"]

1. e4 c5 2. c3 d5 3. e5 g6 4. d4 cxd4 5. cxd4 Bg7 6. Nc3 Nc6 7. Bb5 e6 8. Nge2 Nge7 9. 0-0 0-0 10. Bg5 f6 11. exf6 Bxf6 12. Bh6 Re8 13. Qd2 Nf5 14. Bxc6 bxc6 15. Bf4 e5 16. dxe5 Bxe5 17. Rfe1 Qd6 18. Bxe5 Rxe5 19. Nd4 Rxe1+ 20. Rxe1 Bd7 21. Nf3 Re8 22. Rxe8+ Bxe8 23. g4 Ng7 24. Qd4 Qe7 25. b4 Ne6 26. Qe3 Qf6 27. Qe5 Qxe5 28. Nxe5 Kg7 29. h4 Kf6 30. Nd3 g5 31. h5 h6 32. Kh2 Nf4 33. Nxf4 gxf4 34. Ne2 Ke5 35. Kg2 d4 36. Kf3 d3 37. Nxf4 d2 38. Nd3+ Kd4 39. Ke2 d1Q+ 40. Kxd1 Kxd3 41. f4 Ke4 42. g5 Bxh5+ 43. Kd2 hxg5 44. fxg5 Kd4 45. Kc2 Bg6+ 46. Kb2 Kc4 47. Ka3 Kb5 48. Kb3 Bf7+ 49. Ka3 a6 50. g6 Bxg6 51. Kb3 Bf7+ 52. Ka3 a5 53. bxa5 Kxa5 54. Kb2 c5 55. Ka3 c4 56. Kb2 Kb4 57. a3+ Ka4 58. Kc2 Kxa3 59. Kc3 Bg8 60. Kc2 Kb4 61. Kb2 c3+ 62. Kc1 Kb3 63. Kb1 Bh7+ 64. Ka1 Kc2 65. Ka2 Kd2 0-1

[Event "Robecchetto Spring op 10th"]
[Site "Robecchetto"]
[Date "2013.04.11"]
[Round "2"]
[White "Ongaro, Andrea"]
[Black "Buonasorte, Roberto"]
[Result "1-0"]
[WhiteElo "1719"]
[BlackElo "1452"]
[PlyCount "23"]
[EventDate "2013.04.04"]
[EventType "swiss"]
[EventRounds "7"]
[EventCountry "ITA"]
[SourceTitle "EXT 2024"]
[Source "ChessBase"]
[SourceDate "2023.10.10"]
[SourceVersion "1"]
[SourceVersionDate "2023.10.10"]
[SourceQuality "1"]

1. e4 e6 2. d4 d5 3. exd5 exd5 4. c4 Nf6 5. Nc3 Be7 6. Bd3 c5 7. Nge2 Nc6 8. cxd5 Nxd5 9. dxc5 Bxc5 10. 0-0 0-0 11. Nxd5 Qxd5 12. Bxh7+ 1-0